000 00648nam a22002417a 4500
001 25076
003 UA-OsUOA
005 20230122160328.0
007 ta
008 20040312b un ||||| |||| 00| 0 ukr d
020 _a966-95627-0-8
040 _aUA-OsUOA
_bukr
_cUA-OsUOA
_dUA-OsUOA
041 _aukr
044 _aUA
080 _a347.734
090 _a347.734
_bБ61
245 _aБанківське право: українське та європейське
_bнавч. посіб.
_cред. П. Д. Біленчук
260 _aКиїв
_bАтіка
_c1999
300 _a400 с.
650 7 _2UDC
942 _cBK
_2udc
955 _a0
999 _c311367
_d311367